[Event "Moscow Open 2016 A"]
[Site "?"]
[Date "2016.02.04"]
[Round "6.4"]
[White "Timofeev, Artyom"]
[Black "Vokhidov, Shamsiddin"]
[Result "1-0"]
[BlackElo "2352"]
[WhiteElo "2570"]
[LiveChessVersion "1.4.7"]

1. e4 {[%clk 1:30:51]} c5 {[%clk 1:30:51]} 2. Nf3 {[%clk 1:31:13]} e6
{[%clk 1:31:17]} 3. d4 {[%clk 1:31:31]} cxd4 {[%clk 1:31:42]} 4. Nxd4
{[%clk 1:31:54]} Nc6 {[%clk 1:32:09]} 5. Nc3 {[%clk 1:32:02]} Qc7
{[%clk 1:32:24]} 6. Be3 {[%clk 1:31:46]} Nf6 {[%clk 1:32:46]} 7. f4
{[%clk 1:31:27]} Bb4 {[%clk 1:33:13]} 8. Ndb5 {[%clk 1:31:38]} Qa5
{[%clk 1:33:40]} 9. e5 {[%clk 1:31:45]} Nd5 {[%clk 1:34:07]} 10. Bd2
{[%clk 1:31:39]} Nxc3 {[%clk 1:34:33]} 11. bxc3 {[%clk 1:31:54]} Bc5
{[%clk 1:34:51]} 12. Bd3 {[%clk 1:30:25]} O-O {[%clk 1:34:51]} 13. Qh5
{[%clk 1:29:52]} g6 {[%clk 1:34:34]} 14. Qh6 {[%clk 1:29:59]} f5 {[%clk 1:12:16]}
15. h4 {[%clk 1:22:24]} Nd8 {[%clk 1:03:55]} 16. Qg5 {[%clk 1:18:14]} Nf7
{[%clk 1:03:17]} 17. Qg3 {[%clk 1:18:36]} Kg7 {[%clk 1:01:01]} 18. h5
{[%clk 1:18:02]} Qd8 {[%clk 1:01:10]} 19. Be2 {[%clk 1:04:54]} Rh8
{[%clk 0:59:00]} 20. c4 {[%clk 0:46:59]} a6 {[%clk 0:47:14]} 21. Nd6
{[%clk 0:45:16]} Nxd6 {[%clk 0:46:35]} 22. exd6 {[%clk 0:45:38]} Bd4
{[%clk 0:47:01]} 23. Bc3 {[%clk 0:43:52]} Bxc3+ {[%clk 0:43:13]} 24. Qxc3+
{[%clk 0:44:15]} Qf6 {[%clk 0:43:38]} 25. Qxf6+ {[%clk 0:26:41]} Kxf6
{[%clk 0:44:07]} 26. hxg6 {[%clk 0:27:01]} Kxg6 {[%clk 0:44:33]} 27. a4
{[%clk 0:26:47]} b6 {[%clk 0:36:49]} 28. Rb1 {[%clk 0:26:10]} Bb7
{[%clk 0:36:57]} 29. Rxb6 {[%clk 0:26:25]} Bc6 {[%clk 0:37:16]} 30. a5
{[%clk 0:25:51]} Kf6 {[%clk 0:35:31]} 31. Kf2 {[%clk 0:14:11]} e5
{[%clk 0:31:36]} 32. Rh6+ {[%clk 0:12:08]} Kg7 {[%clk 0:31:49]} 33. Rh5
{[%clk 0:12:30]} Kf6 {[%clk 0:32:13]} 34. g4 {[%clk 0:12:29]} Be4
{[%clk 0:31:17]} 35. Ke3 {[%clk 0:07:03]} exf4+ {[%clk 0:27:49]} 36. Kxf4
{[%clk 0:07:27]} Bxc2 {[%clk 0:28:06]} 37. gxf5 {[%clk 0:04:28]} Rac8
{[%clk 0:27:53]} 38. Rb2 {[%clk 0:02:52]} Ba4 {[%clk 0:27:47]} 39. Rb4
{[%clk 0:03:16]} Bc6 {[%clk 0:23:09]} 40. Rb6 {[%clk 0:31:20]} Rce8
{[%clk 0:52:36]} 41. Bd3 {[%clk 0:28:33]} Re1 {[%clk 0:52:05]} 42. Rb1
{[%clk 0:27:55]} Rxb1 {[%clk 0:40:59]} 43. Bxb1 {[%clk 0:28:18]} Re8
{[%clk 0:41:21]} 44. Rxh7 {[%clk 0:24:31]} Re2 {[%clk 0:39:27]} 45. Rh6+
{[%clk 0:23:04]} Kg7 {[%clk 0:38:39]} 46. Rg6+ {[%clk 0:23:27]} Kf7
{[%clk 0:39:07]} 47. c5 {[%clk 0:21:41]} Bb5 {[%clk 0:33:02]} 48. Be4
{[%clk 0:20:51]} Bc4 {[%clk 0:33:23]} 49. c6 {[%clk 0:14:11]} dxc6
{[%clk 0:33:11]} 50. Bxc6 {[%clk 0:14:35]} Re1 {[%clk 0:32:46]} 51. Rh6
{[%clk 0:14:13]} Kg7 {[%clk 0:31:25]} 52. Rh1 {[%clk 0:13:33]} Re2
{[%clk 0:30:45]} 53. Rd1 {[%clk 0:13:41]} 1-0

[Event "Moscow Open 2016 A"]
[Site "?"]
[Date "2016.02.04"]
[Round "6.5"]
[White "Andreev, Eduard"]
[Black "Khismatullin, Denis"]
[Result "1-0"]
[BlackElo "2626"]
[WhiteElo "2458"]
[LiveChessVersion "1.4.7"]

1. e4 {[%clk 1:30:57]} c5 {[%clk 1:20:44]} 2. Nf3 {[%clk 1:31:16]} d6
{[%clk 1:20:40]} 3. d4 {[%clk 1:31:25]} cxd4 {[%clk 1:19:28]} 4. Nxd4
{[%clk 1:31:49]} Nf6 {[%clk 1:19:55]} 5. Nc3 {[%clk 1:32:12]} a6 {[%clk 1:20:22]}
6. Be3 {[%clk 1:32:23]} Nbd7 {[%clk 1:17:42]} 7. f3 {[%clk 1:28:37]} e6
{[%clk 1:01:32]} 8. g4 {[%clk 1:23:21]} h6 {[%clk 1:01:03]} 9. Qd2
{[%clk 1:23:07]} b5 {[%clk 1:01:27]} 10. O-O-O {[%clk 1:21:21]} b4
{[%clk 0:59:41]} 11. Nce2 {[%clk 1:20:52]} Qc7 {[%clk 0:56:29]} 12. h4
{[%clk 1:18:23]} Ne5 {[%clk 0:47:33]} 13. Nf4 {[%clk 1:16:00]} Rb8
{[%clk 0:38:36]} 14. Be2 {[%clk 0:56:50]} Nfd7 {[%clk 0:34:15]} 15. g5
{[%clk 0:51:26]} Nc5 {[%clk 0:33:13]} 16. Nh5 {[%clk 0:42:17]} b3
{[%clk 0:19:48]} 17. axb3 {[%clk 0:30:51]} Rxb3 {[%clk 0:16:09]} 18. Kb1
{[%clk 0:31:02]} Rb6 {[%clk 0:14:00]} 19. gxh6 {[%clk 0:28:26]} Rxh6
{[%clk 0:09:21]} 20. Bxh6 {[%clk 0:25:54]} gxh6 {[%clk 0:08:53]} 21. Nb3
{[%clk 0:20:53]} Nxb3 {[%clk 0:06:13]} 22. cxb3 {[%clk 0:21:04]} Rxb3
{[%clk 0:06:33]} 23. Rc1 {[%clk 0:17:38]} Qb7 {[%clk 0:04:44]} 24. Rc3
{[%clk 0:13:31]} Be7 {[%clk 0:02:54]} 25. Rhc1 {[%clk 0:10:51]} Rxc3
{[%clk 0:01:36]} 26. Rxc3 {[%clk 0:11:14]} Ng6 {[%clk 0:00:35]} 27. Qxh6
{[%clk 0:10:38]} Bxh4 {[%clk 0:00:46]} 28. Nf4 {[%clk 0:09:00]} Nxf4
{[%clk 0:00:45]} 29. Qxf4 {[%clk 0:06:57]} Be7 {[%clk 0:00:44]} 30. Qe3
{[%clk 0:06:06]} Bd8 {[%clk 0:00:35]} 31. Rb3 {[%clk 0:05:04]} Qc6
{[%clk 0:00:33]} 32. Qa7 {[%clk 0:04:44]} Ba5 {[%clk 0:00:37]} 33. Rb8
{[%clk 0:04:24]} Bd8 {[%clk 0:00:35]} 34. Qa8 {[%clk 0:04:08]} Qxa8
{[%clk 0:00:38]} 35. Rxa8 {[%clk 0:04:32]} Bb7 {[%clk 0:00:32]} 36. Rb8
{[%clk 0:03:44]} Bc6 {[%clk 0:00:57]} 37. Bxa6 {[%clk 0:03:43]} Ke7
{[%clk 0:00:41]} 38. b4 {[%clk 0:02:53]} Bc7 {[%clk 0:00:44]} 39. Rc8
{[%clk 0:02:44]} Kd7 {[%clk 0:01:09]} 40. b5 {[%clk 0:32:13]} Bxb5
{[%clk 0:30:39]} 41. Rxc7+ {[%clk 0:32:37]} Kxc7 {[%clk 0:31:07]} 42. Bxb5
{[%clk 0:33:02]} Kd8 {[%clk 0:30:09]} 43. Kc2 {[%clk 0:32:33]} Ke7
{[%clk 0:19:39]} 44. Kd3 {[%clk 0:32:44]} Kf6 {[%clk 0:20:08]} 45. f4
{[%clk 0:31:36]} Kg6 {[%clk 0:18:05]} 46. Kd4 {[%clk 0:28:06]} Kf6
{[%clk 0:17:17]} 47. Bd3 {[%clk 0:27:37]} Ke7 {[%clk 0:17:41]} 48. Kc4
{[%clk 0:26:16]} 1-0

[Event "Moscow Open 2016 A"]
[Site "?"]
[Date "2016.02.04"]
[Round "6.6"]
[White "Seliverstov, Vladimir"]
[Black "Ponkratov, Pavel"]
[Result "1-0"]
[BlackElo "2591"]
[WhiteElo "2449"]
[LiveChessVersion "1.4.7"]

1. d4 {[%clk 1:25:24]} Nf6 {[%clk 1:29:45]} 2. c4 {[%clk 1:25:45]} e6
{[%clk 1:30:12]} 3. g3 {[%clk 1:26:06]} c5 {[%clk 1:30:36]} 4. d5
{[%clk 1:26:25]} exd5 {[%clk 1:31:03]} 5. cxd5 {[%clk 1:26:48]} d6
{[%clk 1:31:29]} 6. Nc3 {[%clk 1:27:11]} g6 {[%clk 1:31:56]} 7. Bg2
{[%clk 1:27:34]} Bg7 {[%clk 1:32:23]} 8. Nf3 {[%clk 1:27:55]} O-O
{[%clk 1:32:49]} 9. O-O {[%clk 1:28:18]} Re8 {[%clk 1:33:16]} 10. Bf4
{[%clk 1:28:32]} Na6 {[%clk 1:33:42]} 11. Re1 {[%clk 1:28:53]} Bg4
{[%clk 1:33:55]} 12. h3 {[%clk 1:29:10]} Bxf3 {[%clk 1:34:16]} 13. Bxf3
{[%clk 1:29:33]} Nd7 {[%clk 1:31:10]} 14. Ne4 {[%clk 1:28:47]} Ne5
{[%clk 1:31:26]} 15. Bg2 {[%clk 1:26:27]} h6 {[%clk 1:26:30]} 16. g4
{[%clk 1:26:32]} Nc7 {[%clk 1:23:27]} 17. g5 {[%clk 1:18:59]} h5 {[%clk 1:22:51]}
18. Bg3 {[%clk 1:18:17]} Nc4 {[%clk 1:06:48]} 19. b3 {[%clk 1:03:03]} Rxe4
{[%clk 0:54:11]} 20. Bxe4 {[%clk 1:03:12]} Qxg5 {[%clk 0:54:34]} 21. h4
{[%clk 0:58:22]} Qe7 {[%clk 0:54:54]} 22. bxc4 {[%clk 0:54:13]} Qxe4
{[%clk 0:52:52]} 23. Rc1 {[%clk 0:49:47]} Rd8 {[%clk 0:52:12]} 24. Qd3
{[%clk 0:49:36]} Qg4 {[%clk 0:52:17]} 25. Kg2 {[%clk 0:45:28]} Ne8
{[%clk 0:47:04]} 26. e4 {[%clk 0:43:56]} Nf6 {[%clk 0:44:23]} 27. Rc2
{[%clk 0:28:33]} a6 {[%clk 0:37:44]} 28. f4 {[%clk 0:22:19]} b5 {[%clk 0:29:58]}
29. cxb5 {[%clk 0:19:19]} axb5 {[%clk 0:30:21]} 30. Qxb5 {[%clk 0:19:38]} Ra8
{[%clk 0:29:47]} 31. a4 {[%clk 0:19:10]} Kh7 {[%clk 0:19:59]} 32. a5
{[%clk 0:17:12]} Re8 {[%clk 0:20:12]} 33. Qd3 {[%clk 0:15:56]} Bh6
{[%clk 0:19:59]} 34. a6 {[%clk 0:13:43]} Re7 {[%clk 0:15:35]} 35. Ra2
{[%clk 0:13:03]} c4 {[%clk 0:15:36]} 36. Qf3 {[%clk 0:11:39]} Qc8
{[%clk 0:16:00]} 37. a7 {[%clk 0:11:57]} Qa8 {[%clk 0:16:26]} 38. Bf2
{[%clk 0:12:18]} Ng4 {[%clk 0:16:50]} 39. Rb1 {[%clk 0:12:29]} Re8
{[%clk 0:16:48]} 40. Bg1 {[%clk 0:35:34]} Bg7 {[%clk 0:46:17]} 41. Ra4
{[%clk 0:31:10]} c3 {[%clk 0:46:39]} 42. Rab4 {[%clk 0:31:27]} c2
{[%clk 0:45:35]} 43. Rc1 {[%clk 0:31:50]} f5 {[%clk 0:44:54]} 44. Qb3
{[%clk 0:28:21]} Qd8 {[%clk 0:43:52]} 45. Rb8 {[%clk 0:27:34]} Qa5
{[%clk 0:44:15]} 46. Qxc2 {[%clk 0:27:28]} 1-0

[Event "Moscow Open 2016 A"]
[Site "?"]
[Date "2016.02.04"]
[Round "6.7"]
[White "Vavulin, Maksim"]
[Black "Antal, Gergely"]
[Result "0-1"]
[BlackElo "2566"]
[WhiteElo "2448"]
[LiveChessVersion "1.4.7"]

1. e4 {[%clk 1:30:58]} c5 {[%clk 1:30:45]} 2. Nf3 {[%clk 1:31:00]} e6
{[%clk 1:30:58]} 3. b3 {[%clk 1:29:50]} b6 {[%clk 1:30:54]} 4. Bb2
{[%clk 1:27:23]} Bb7 {[%clk 1:31:17]} 5. Qe2 {[%clk 1:27:15]} Nc6
{[%clk 1:31:26]} 6. Nc3 {[%clk 1:26:07]} a6 {[%clk 1:30:00]} 7. O-O-O
{[%clk 1:24:52]} Rc8 {[%clk 1:23:52]} 8. h4 {[%clk 1:18:49]} b5 {[%clk 1:18:24]}
9. Kb1 {[%clk 0:59:48]} Nd4 {[%clk 0:53:28]} 10. Qe3 {[%clk 0:52:52]} Qc7
{[%clk 0:52:04]} 11. Ne2 {[%clk 0:34:09]} Nf6 {[%clk 0:50:53]} 12. Ng3
{[%clk 0:33:30]} d5 {[%clk 0:34:49]} 13. Rc1 {[%clk 0:23:54]} dxe4
{[%clk 0:22:35]} 14. Nxd4 {[%clk 0:23:28]} cxd4 {[%clk 0:22:59]} 15. Bxd4
{[%clk 0:23:10]} Ba3 {[%clk 0:23:11]} 16. Be2 {[%clk 0:17:41]} Bxc1
{[%clk 0:23:08]} 17. Rxc1 {[%clk 0:18:08]} h6 {[%clk 0:22:02]} 18. Bxf6
{[%clk 0:16:27]} gxf6 {[%clk 0:22:25]} 19. Nxe4 {[%clk 0:16:55]} Ke7
{[%clk 0:19:24]} 20. g4 {[%clk 0:14:34]} Bxe4 {[%clk 0:18:34]} 21. Qxe4
{[%clk 0:15:03]} Rhd8 {[%clk 0:15:46]} 22. Bd3 {[%clk 0:13:56]} Qc5
{[%clk 0:15:16]} 23. h5 {[%clk 0:06:24]} Rd4 {[%clk 0:09:17]} 24. Qf3
{[%clk 0:04:50]} Rc7 {[%clk 0:08:05]} 25. Qe2 {[%clk 0:04:39]} Qe5
{[%clk 0:05:50]} 26. Qxe5 {[%clk 0:03:18]} fxe5 {[%clk 0:06:18]} 27. f3
{[%clk 0:03:43]} Rf4 {[%clk 0:04:41]} 28. Rf1 {[%clk 0:04:09]} Kf6
{[%clk 0:03:42]} 29. Kc1 {[%clk 0:03:54]} Kg5 {[%clk 0:04:02]} 30. Kd1
{[%clk 0:03:45]} f5 {[%clk 0:03:31]} 31. gxf5 {[%clk 0:03:46]} exf5
{[%clk 0:03:59]} 32. Rg1+ {[%clk 0:03:47]} Kxh5 {[%clk 0:04:07]} 33. Ke2
{[%clk 0:04:13]} Rc6 {[%clk 0:03:46]} 34. Ke3 {[%clk 0:03:42]} Rg6
{[%clk 0:03:32]} 35. Rh1+ {[%clk 0:04:08]} Kg5 {[%clk 0:03:58]} 36. c3
{[%clk 0:02:04]} h5 {[%clk 0:01:46]} 37. Bc2 {[%clk 0:02:03]} b4 {[%clk 0:01:11]}
38. cxb4 {[%clk 0:01:40]} Rxb4 {[%clk 0:01:24]} 39. Bd3 {[%clk 0:01:59]} Rd4
{[%clk 0:01:23]} 40. Rg1+ {[%clk 0:30:57]} Kf6 {[%clk 0:31:46]} 41. Rxg6+
{[%clk 0:31:03]} Kxg6 {[%clk 0:32:14]} 42. Bxa6 {[%clk 0:31:26]} Kg5
{[%clk 0:26:55]} 43. a4 {[%clk 0:20:31]} f4+ {[%clk 0:25:18]} 44. Ke2
{[%clk 0:20:48]} Kh4 {[%clk 0:25:44]} 45. a5 {[%clk 0:19:20]} Kg3
{[%clk 0:26:05]} 46. Bc8 {[%clk 0:16:23]} h4 {[%clk 0:25:52]} 47. a6
{[%clk 0:15:41]} h3 {[%clk 0:25:56]} 48. a7 {[%clk 0:10:34]} h2 {[%clk 0:26:08]}
49. a8=Q {[%clk 0:10:53]} h1=Q {[%clk 0:26:30]} 0-1

[Event "Moscow Open 2016 A"]
[Site "?"]
[Date "2016.02.04"]
[Round "6.8"]
[White "Ivanov, Oleg V"]
[Black "Korchmar, Vasiliy"]
[Result "1/2-1/2"]
[BlackElo "2405"]
[WhiteElo "2519"]
[LiveChessVersion "1.4.7"]

1. e4 {[%clk 1:30:57]} e5 {[%clk 1:30:53]} 2. Nf3 {[%clk 1:31:00]} Nc6
{[%clk 1:31:11]} 3. Bb5 {[%clk 1:31:22]} a6 {[%clk 1:31:33]} 4. Ba4
{[%clk 1:31:44]} Nf6 {[%clk 1:31:56]} 5. O-O {[%clk 1:31:57]} Be7
{[%clk 1:32:18]} 6. Re1 {[%clk 1:32:19]} b5 {[%clk 1:32:40]} 7. Bb3
{[%clk 1:32:45]} O-O {[%clk 1:32:52]} 8. c3 {[%clk 1:32:57]} d5 {[%clk 1:32:26]}
9. exd5 {[%clk 1:32:25]} Nxd5 {[%clk 1:32:47]} 10. Nxe5 {[%clk 1:32:34]} Nxe5
{[%clk 1:33:08]} 11. Rxe5 {[%clk 1:33:00]} c6 {[%clk 1:33:28]} 12. d3
{[%clk 1:32:59]} Bd6 {[%clk 1:33:50]} 13. Re1 {[%clk 1:33:24]} Bf5
{[%clk 1:34:13]} 14. Qf3 {[%clk 1:33:27]} Bg6 {[%clk 1:34:31]} 15. Nd2
{[%clk 1:20:29]} Nf4 {[%clk 1:34:06]} 16. Nf1 {[%clk 1:08:06]} Nxd3
{[%clk 1:30:21]} 17. Rd1 {[%clk 1:07:36]} Nxc1 {[%clk 1:24:02]} 18. Raxc1
{[%clk 1:07:57]} Qc7 {[%clk 1:24:00]} 19. h4 {[%clk 1:07:33]} Rae8
{[%clk 1:14:03]} 20. Re1 {[%clk 1:05:44]} h6 {[%clk 1:07:26]} 21. h5
{[%clk 0:59:41]} Bh7 {[%clk 1:07:22]} 22. g3 {[%clk 0:59:50]} Bc5
{[%clk 0:42:38]} 23. Re2 {[%clk 0:52:20]} Rxe2 {[%clk 0:41:36]} 24. Qxe2
{[%clk 0:52:47]} Kh8 {[%clk 0:36:54]} 25. Kg2 {[%clk 0:49:24]} Bf5
{[%clk 0:30:47]} 26. Qf3 {[%clk 0:38:50]} Qe5 {[%clk 0:22:19]} 27. Bc2
{[%clk 0:37:02]} Be6 {[%clk 0:22:41]} 28. Bb3 {[%clk 0:36:36]} Bf5
{[%clk 0:21:33]} 29. Bc2 {[%clk 0:35:02]} Be6 {[%clk 0:21:58]} 30. Bb3
{[%clk 0:34:49]} Bf5 {[%clk 0:10:34]} 31. Bc2 {[%clk 0:30:16]} Be6
{[%clk 0:10:33]} 32. Bb3 {[%clk 0:29:29]} Bf5 {[%clk 0:09:53]} 33. Bc2
{[%clk 0:29:43]} 1/2-1/2

[Event "Moscow Open 2016 A"]
[Site "?"]
[Date "2016.02.04"]
[Round "6.9"]
[White "Elistratov, Semen"]
[Black "Badmatsyrenov, Oleg"]
[Result "0-1"]
[BlackElo "2473"]
[WhiteElo "2277"]
[LiveChessVersion "1.4.7"]

1. e4 {[%clk 1:30:58]} c5 {[%clk 1:30:50]} 2. Nf3 {[%clk 1:31:22]} Nc6
{[%clk 1:31:16]} 3. d4 {[%clk 1:31:00]} cxd4 {[%clk 1:31:43]} 4. Nxd4
{[%clk 1:31:27]} Nf6 {[%clk 1:32:07]} 5. Nc3 {[%clk 1:31:47]} e5 {[%clk 1:32:32]}
6. Ndb5 {[%clk 1:31:18]} d6 {[%clk 1:32:52]} 7. Bg5 {[%clk 1:31:05]} a6
{[%clk 1:33:14]} 8. Na3 {[%clk 1:31:32]} b5 {[%clk 1:33:38]} 9. Nd5
{[%clk 1:31:19]} Be7 {[%clk 1:34:01]} 10. Bxf6 {[%clk 1:31:38]} Bxf6
{[%clk 1:34:27]} 11. c4 {[%clk 1:31:56]} Nd4 {[%clk 1:34:48]} 12. cxb5
{[%clk 1:25:51]} O-O {[%clk 1:34:57]} 13. b6 {[%clk 1:24:17]} Bb7
{[%clk 1:35:22]} 14. Bc4 {[%clk 1:23:19]} Bg5 {[%clk 1:26:31]} 15. O-O
{[%clk 1:15:08]} Rc8 {[%clk 1:19:43]} 16. b3 {[%clk 1:10:53]} Bxd5
{[%clk 1:19:37]} 17. Bxd5 {[%clk 1:11:21]} Qxb6 {[%clk 1:20:01]} 18. Nc4
{[%clk 1:11:46]} Qc5 {[%clk 1:16:17]} 19. Qh5 {[%clk 1:06:11]} Bh6
{[%clk 1:09:05]} 20. Rad1 {[%clk 1:03:40]} Rc7 {[%clk 1:03:24]} 21. Rb1
{[%clk 0:54:42]} a5 {[%clk 0:59:18]} 22. a3 {[%clk 0:51:22]} Nc2 {[%clk 0:58:06]}
23. Rbd1 {[%clk 0:33:40]} Kh8 {[%clk 0:54:36]} 24. a4 {[%clk 0:30:31]} Nd4
{[%clk 0:52:49]} 25. Kh1 {[%clk 0:29:19]} f5 {[%clk 0:45:44]} 26. Ne3
{[%clk 0:27:16]} Rcc8 {[%clk 0:45:50]} 27. exf5 {[%clk 0:21:38]} Bxe3
{[%clk 0:32:15]} 28. fxe3 {[%clk 0:21:51]} Qxd5 {[%clk 0:32:34]} 29. exd4
{[%clk 0:22:12]} e4 {[%clk 0:30:27]} 30. Qh3 {[%clk 0:16:06]} Rb8
{[%clk 0:29:33]} 31. Rde1 {[%clk 0:15:06]} Qxd4 {[%clk 0:24:10]} 32. Qg3
{[%clk 0:08:48]} Rbd8 {[%clk 0:20:00]} 33. Rd1 {[%clk 0:07:02]} Rxf5
{[%clk 0:18:24]} 34. Rfe1 {[%clk 0:04:40]} Qe5 {[%clk 0:18:23]} 35. Qe3
{[%clk 0:04:33]} Rdf8 {[%clk 0:10:25]} 36. h3 {[%clk 0:04:39]} h6
{[%clk 0:09:32]} 37. Kg1 {[%clk 0:02:37]} d5 {[%clk 0:09:20]} 38. Rd4
{[%clk 0:01:23]} Rf3 {[%clk 0:07:43]} 39. gxf3 {[%clk 0:00:49]} Qg3+
{[%clk 0:08:05]} 40. Kf1 {[%clk 0:30:53]} Rxf3+ {[%clk 0:38:18]} 41. Qxf3
{[%clk 0:31:20]} Qxf3+ {[%clk 0:38:43]} 42. Kg1 {[%clk 0:31:45]} Qg3+
{[%clk 0:37:08]} 43. Kf1 {[%clk 0:30:53]} Qxh3+ {[%clk 0:37:26]} 44. Kg1
{[%clk 0:30:40]} Qg3+ {[%clk 0:33:03]} 45. Kf1 {[%clk 0:31:03]} e3
{[%clk 0:33:08]} 0-1

[Event "Moscow Open 2016 A"]
[Site "?"]
[Date "2016.02.04"]
[Round "6.10"]
[White "Grachev, Boris"]
[Black "Kopylov, Alexander A."]
[Result "1/2-1/2"]
[BlackElo "2401"]
[WhiteElo "2652"]
[LiveChessVersion "1.4.7"]

1. d4 {[%clk 1:20:39]} d5 {[%clk 1:12:17]} 2. Nf3 {[%clk 1:19:11]} Nf6
{[%clk 1:01:23]} 3. g3 {[%clk 1:16:25]} Bf5 {[%clk 0:50:32]} 4. Bg2
{[%clk 1:16:07]} e6 {[%clk 0:50:42]} 5. c4 {[%clk 1:16:29]} c6 {[%clk 0:50:46]}
6. Nc3 {[%clk 1:16:46]} Be7 {[%clk 0:46:22]} 7. Qb3 {[%clk 1:15:17]} Qb6
{[%clk 0:45:53]} 8. c5 {[%clk 1:14:48]} Qc7 {[%clk 0:42:30]} 9. Bf4
{[%clk 1:10:48]} Qc8 {[%clk 0:42:56]} 10. Nd2 {[%clk 0:56:37]} Nbd7
{[%clk 0:37:15]} 11. O-O {[%clk 0:52:25]} O-O {[%clk 0:36:03]} 12. Rac1
{[%clk 0:42:32]} Re8 {[%clk 0:26:32]} 13. Qd1 {[%clk 0:31:10]} h6
{[%clk 0:08:41]} 14. h3 {[%clk 0:26:27]} Bd8 {[%clk 0:07:56]} 15. g4
{[%clk 0:22:08]} Bh7 {[%clk 0:04:27]} 16. e4 {[%clk 0:20:51]} dxe4
{[%clk 0:04:16]} 17. Bxe4 {[%clk 0:20:34]} Bc7 {[%clk 0:01:48]} 18. Bxh7+
{[%clk 0:19:33]} Kxh7 {[%clk 0:01:49]} 19. Bxc7 {[%clk 0:18:34]} Qxc7
{[%clk 0:02:17]} 20. f4 {[%clk 0:18:26]} Rad8 {[%clk 0:00:56]} 21. Nc4
{[%clk 0:18:13]} Nf8 {[%clk 0:00:46]} 22. Qd3+ {[%clk 0:14:15]} Ng6
{[%clk 0:00:48]} 23. Ne5 {[%clk 0:13:41]} Kg8 {[%clk 0:01:08]} 24. Rcd1
{[%clk 0:12:41]} Ne7 {[%clk 0:00:36]} 25. g5 {[%clk 0:11:03]} Nfd5
{[%clk 0:01:02]} 26. gxh6 {[%clk 0:11:16]} gxh6 {[%clk 0:01:14]} 27. Ne4
{[%clk 0:03:45]} Nf5 {[%clk 0:01:23]} 28. Rd2 {[%clk 0:03:50]} Kh8
{[%clk 0:01:24]} 29. Kh2 {[%clk 0:02:47]} Rg8 {[%clk 0:01:43]} 30. Qf3
{[%clk 0:02:58]} f6 {[%clk 0:01:35]} 31. Nc4 {[%clk 0:02:52]} Rg6
{[%clk 0:01:22]} 32. Ncd6 {[%clk 0:03:05]} Rdg8 {[%clk 0:01:40]} 33. Nxf5
{[%clk 0:03:12]} exf5 {[%clk 0:02:08]} 34. Nd6 {[%clk 0:03:35]} Qd7
{[%clk 0:00:47]} 35. Re2 {[%clk 0:02:52]} b6 {[%clk 0:00:43]} 36. Rfe1
{[%clk 0:03:05]} bxc5 {[%clk 0:00:38]} 37. dxc5 {[%clk 0:03:33]} Qc7
{[%clk 0:00:52]} 38. a3 {[%clk 0:02:41]} a5 {[%clk 0:01:15]} 39. b4
{[%clk 0:03:01]} axb4 {[%clk 0:01:43]} 40. axb4 {[%clk 0:33:28]} Qa7
{[%clk 0:30:45]} 41. Nxf5 {[%clk 0:31:23]} Qb8 {[%clk 0:17:35]} 42. Re4
{[%clk 0:30:25]} Qa8 {[%clk 0:12:57]} 43. Nh4 {[%clk 0:27:19]} R6g7
{[%clk 0:12:37]} 44. Qh5 {[%clk 0:20:04]} Kh7 {[%clk 0:11:24]} 45. Qf5+
{[%clk 0:10:25]} Kh8 {[%clk 0:11:49]} 46. Qh5 {[%clk 0:10:51]} Kh7
{[%clk 0:12:16]} 47. Qf3 {[%clk 0:10:30]} Qa2+ {[%clk 0:08:12]} 48. R4e2
{[%clk 0:10:32]} Qc4 {[%clk 0:08:37]} 49. Nf5 {[%clk 0:09:42]} Rg6
{[%clk 0:03:00]} 50. Ne7 {[%clk 0:06:10]} Nxe7 {[%clk 0:02:23]} 51. Rxe7+
{[%clk 0:06:31]} Kh8 {[%clk 0:02:48]} 52. R7e4 {[%clk 0:05:50]} Qc2+
{[%clk 0:02:18]} 53. R4e2 {[%clk 0:06:16]} Qc4 {[%clk 0:02:37]} 54. Re4
{[%clk 0:02:28]} Qc2+ {[%clk 0:03:02]} 55. R4e2 {[%clk 0:02:19]} 1/2-1/2

[Event "Moscow Open 2016 A"]
[Site "?"]
[Date "2016.02.04"]
[Round "6.11"]
[White "Goganov, Aleksey"]
[Black "Moskalenko, Alexander"]
[Result "0-1"]
[BlackElo "2442"]
[WhiteElo "2591"]
[LiveChessVersion "1.4.7"]

1. c4 {[%clk 1:30:54]} e5 {[%clk 1:24:04]} 2. Nc3 {[%clk 1:31:17]} d6
{[%clk 1:24:30]} 3. g3 {[%clk 1:28:10]} f5 {[%clk 1:24:55]} 4. Bg2
{[%clk 1:28:36]} Nf6 {[%clk 1:25:20]} 5. e3 {[%clk 1:23:20]} g6 {[%clk 1:25:14]}
6. Nge2 {[%clk 1:23:37]} Bg7 {[%clk 1:25:37]} 7. O-O {[%clk 1:24:01]} a5
{[%clk 1:24:05]} 8. d3 {[%clk 1:18:13]} O-O {[%clk 1:22:55]} 9. b3
{[%clk 1:13:52]} c6 {[%clk 1:23:01]} 10. Ba3 {[%clk 1:03:00]} Na6
{[%clk 1:23:01]} 11. Qd2 {[%clk 1:02:31]} Rb8 {[%clk 1:18:36]} 12. f4
{[%clk 0:58:58]} exf4 {[%clk 1:06:05]} 13. Nxf4 {[%clk 0:59:03]} Re8
{[%clk 1:03:40]} 14. Rae1 {[%clk 0:54:28]} Nc5 {[%clk 1:01:25]} 15. Kh1
{[%clk 0:51:54]} Qc7 {[%clk 0:48:18]} 16. e4 {[%clk 0:28:26]} Bd7
{[%clk 0:48:04]} 17. e5 {[%clk 0:26:59]} dxe5 {[%clk 0:31:39]} 18. Bxc5
{[%clk 0:26:35]} exf4 {[%clk 0:31:58]} 19. Qxf4 {[%clk 0:26:53]} Qxf4
{[%clk 0:31:53]} 20. gxf4 {[%clk 0:27:18]} Rxe1 {[%clk 0:30:43]} 21. Rxe1
{[%clk 0:27:43]} Nh5 {[%clk 0:31:08]} 22. Re7 {[%clk 0:18:05]} Bf8
{[%clk 0:24:36]} 23. Rxd7 {[%clk 0:18:25]} Bxc5 {[%clk 0:25:03]} 24. Na4
{[%clk 0:17:25]} Bf2 {[%clk 0:20:49]} 25. Nc3 {[%clk 0:13:20]} Re8
{[%clk 0:19:58]} 26. h4 {[%clk 0:11:54]} Re1+ {[%clk 0:20:13]} 27. Kh2
{[%clk 0:12:17]} Bg1+ {[%clk 0:20:08]} 0-1